[Event "CRO-ch U19 Girls"]
[Site "Topusko"]
[Date "2011.07.29"]
[Round "8"]
[White "Keckes, Anamaria"]
[Black "Lisac, Tihana"]
[Result "1-0"]
[WhiteElo "1682"]
[BlackElo "1743"]
[PlyCount "107"]
[EventDate "2011.07.24"]
[EventType "tourn"]
[EventRounds "10"]
[EventCountry "CRO"]
[SourceTitle "EXT 2012"]
[Source "ChessBase"]
[SourceDate "2011.11.24"]
[SourceVersion "1"]
[SourceVersionDate "2011.11.24"]
[SourceQuality "1"]

1. d4 Nf6 2. Nf3 e6 3. c4 d5 4. g3 Be7 5. Bg2 0-0 6. 0-0 b6 7. Nbd2 Bb7 8. b3 Nbd7 9. Bb2 c5 10. e3 Rc8 11. Rc1 Bd6 12. Qe2 Qe7 13. Rfd1 e5 14. dxe5 Nxe5 15. cxd5 Bxd5 16. Nxe5 Bxe5 17. Bxe5 Qxe5 18. Bxd5 Nxd5 19. Nc4 Qe6 20. e4 Nb4 21. Rd6 Qe7 22. Rcd1 Rc7 23. f4 Nc6 24. R1d5 Rd8 25. Rxd8+ Nxd8 26. Qd3 Nc6 27. a3 Nd4 28. b4 Rd7 29. Rxd7 Qxd7 30. Ne5 Qe7 31. Qc4 Ne6 32. Nc6 Qc7 33. b5 Nd8 34. Qd5 Nxc6 35. bxc6 Kf8 36. e5 Ke8 37. f5 a6 38. Kf2 Qd8 39. Qd6 Qxd6 40. exd6 b5 41. Ke2 a5 42. Kd3 b4 43. a4 b3 44. Kc3 c4 45. h3 Kd8 46. h4 Kc8 47. g4 Kd8 48. Kb2 Kc8 49. Kc3 Kd8 50. Kb2 Kc8 51. g5 Kd8 52. h5 Kc8 53. g6 fxg6 54. h6 1-0

[Event "CRO-ch U19 Girls"]
[Site "Topusko"]
[Date "2011.07.27"]
[Round "5"]
[White "Lisac, Tihana"]
[Black "Starcevic, Andrea"]
[Result "1/2-1/2"]
[WhiteElo "1743"]
[BlackElo "1816"]
[PlyCount "60"]
[EventDate "2011.07.24"]
[EventType "tourn"]
[EventRounds "10"]
[EventCountry "CRO"]
[SourceTitle "EXT 2012"]
[Source "ChessBase"]
[SourceDate "2011.11.24"]
[SourceVersion "1"]
[SourceVersionDate "2011.11.24"]
[SourceQuality "1"]

1. e4 c5 2. Nf3 e6 3. c3 d5 4. exd5 Qxd5 5. d4 Nf6 6. Be2 Be7 7. 0-0 0-0 8. Na3 cxd4 9. Nb5 Qd8 10. Nbxd4 b6 11. Ne5 Bb7 12. Bf3 Qc8 13. Re1 Nfd7 14. Bg4 Nxe5 15. Rxe5 Nd7 16. Re1 Bd5 17. Qd3 Bf6 18. Qg3 Re8 19. Nb5 Qc6 20. Nc7 Be5 21. Rxe5 Qxc7 22. Re3 Qxg3 23. Rxg3 Ne5 24. Bh5 Rac8 25. Bf4 Ng6 26. Bxg6 hxg6 27. Rd3 Rc4 28. Be3 Rec8 29. Rd4 R4c6 30. a3 f6 1/2-1/2

[Event "CRO-ch U19 Girls"]
[Site "Topusko"]
[Date "2011.07.24"]
[Round "1"]
[White "Purgar, Ivona"]
[Black "Lisac, Tihana"]
[Result "1-0"]
[WhiteElo "2188"]
[BlackElo "1743"]
[PlyCount "155"]
[EventDate "2011.07.24"]
[EventType "tourn"]
[EventRounds "10"]
[EventCountry "CRO"]
[SourceTitle "EXT 2012"]
[Source "ChessBase"]
[SourceDate "2011.11.24"]
[SourceVersion "1"]
[SourceVersionDate "2011.11.24"]
[SourceQuality "1"]

1. e4 c5 2. Nf3 Nc6 3. d4 cxd4 4. Nxd4 Nf6 5. Nc3 e5 6. Ndb5 d6 7. Bg5 a6 8. Na3 b5 9. Nd5 Be7 10. Bxf6 Bxf6 11. c3 0-0 12. Nc2 Bg5 13. a4 bxa4 14. Rxa4 a5 15. Bc4 Rb8 16. Ra2 Kh8 17. Nce3 Bxe3 18. Nxe3 Be6 19. 0-0 Qd7 20. Qd2 Rfd8 21. Bd5 Qc7 22. Rfa1 Qb6 23. Nc4 Qb5 24. Bxe6 fxe6 25. Nxd6 Kg8 26. Nxb5 Rxd2 27. c4 Rbd8 28. h3 Re2 29. b3 Rxe4 30. Rc1 Rd3 31. Rb1 Kf7 32. Kf1 Ke7 33. Re2 Rf4 34. Ke1 Kf7 35. f3 Ke7 36. Rd2 Rxd2 37. Kxd2 Rf8 38. Kc3 Rd8 39. Ra1 Rd7 40. Ra2 Kd8 41. c5 Rd5 42. Kc4 Kd7 43. Re2 Kc8 44. Re4 Rd2 45. Nd6+ Kd7 46. Rg4 g6 47. Kc3 Rd4 48. Ne4 Ke7 49. Rh4 h5 50. g4 hxg4 51. Rh7+ Kf8 52. hxg4 Ne7 53. Ng5 Rd1 54. Nxe6+ Ke8 55. Kc4 Rf1 56. Ng5 Ra1 57. Rh8+ Kd7 58. Ra8 Nc6 59. Ra6 Ra3 60. Ne4 Ra1 61. Nf6+ Kc7 62. Nd5+ Kd7 63. Nf6+ Kc7 64. Ne4 Rf1 65. Ng5 Rd1 66. Rb6 Rf1 67. Kb5 Nd4+ 68. Kxa5 Nxf3 69. Rxg6 Nd4 70. Ne6+ Kb7 71. Nxd4 exd4 72. Rd6 Rd1 73. Kb5 d3 74. c6+ Kc8 75. b4 d2 76. g5 Rg1 77. Rxd2 Rxg5+ 78. Kb6 1-0

[Event "CRO-ch U17 Girls"]
[Site "Bjelolasica"]
[Date "2010.07.29"]
[Round "7"]
[White "Vujnovic, Patricija"]
[Black "Lisac, Tihana"]
[Result "1/2-1/2"]
[WhiteElo "1899"]
[BlackElo "1749"]
[PlyCount "49"]
[EventDate "2010.07.25"]
[EventType "swiss"]
[EventRounds "9"]
[EventCountry "CRO"]
[SourceTitle "EXT 2011"]
[Source "ChessBase"]
[SourceDate "2010.11.26"]
[SourceVersion "1"]
[SourceVersionDate "2010.11.26"]
[SourceQuality "1"]

1. e4 e5 2. Nf3 Nc6 3. Bb5 a6 4. Ba4 Nf6 5. 0-0 b5 6. Bb3 Be7 7. d3 0-0 8. a4 Bb7 9. Nc3 b4 10. Nd5 Na5 11. Nxe7+ Qxe7 12. Ba2 d5 13. exd5 Qd6 14. Qe1 Rfe8 15. Bd2 Nxd5 16. Ng5 b3 17. cxb3 Nc6 18. Qe4 Nf6 19. Qc4 Qd7 20. b4 Nd8 21. Qc2 Bxg2 22. Kxg2 h6 23. Ne4 Nxe4 24. dxe4 Qg4+ 25. Kh1 1/2-1/2

[Event "CRO-ch U17 Girls"]
[Site "Bjelolasica"]
[Date "2010.07.26"]
[Round "3"]
[White "Lisac, Tihana"]
[Black "Zagorec, Ana"]
[Result "1-0"]
[WhiteElo "1749"]
[BlackElo "1767"]
[PlyCount "63"]
[EventDate "2010.07.25"]
[EventType "swiss"]
[EventRounds "9"]
[EventCountry "CRO"]
[SourceTitle "EXT 2011"]
[Source "ChessBase"]
[SourceDate "2010.11.26"]
[SourceVersion "1"]
[SourceVersionDate "2010.11.26"]
[SourceQuality "1"]

1. e4 e5 2. Nf3 Nc6 3. d4 d6 4. d5 Nce7 5. c4 Nf6 6. Nc3 Ng6 7. h3 Be7 8. Bd3 0-0 9. 0-0 Bd7 10. Be3 c6 11. Nh2 a6 12. b4 cxd5 13. cxd5 Rc8 14. Rc1 Ne8 15. Kh1 f5 16. exf5 Bxf5 17. Bxf5 Rxf5 18. Qg4 Rf7 19. Na4 Rxc1 20. Rxc1 Bf6 21. Rc8 Qe7 22. Nf3 Kf8 23. Nb6 Nf4 24. g3 Nd3 25. Qe4 Nb2 26. Qxh7 g5 27. Qg6 Rg7 28. Qf5 Qf7 29. Qc2 e4 30. Qxe4 Qg6 31. Qe6 Be5 32. Nd7+ 1-0

[Event "Wch U16 Girls"]
[Site "Kemer"]
[Date "2009.11.20"]
[Round "9"]
[White "McDonald, Maryann"]
[Black "Lisac, Tihana"]
[Result "0-1"]
[WhiteElo "1530"]
[BlackElo "1750"]
[PlyCount "76"]
[EventDate "2009.11.12"]
[EventType "swiss"]
[EventRounds "11"]
[EventCountry "TUR"]
[SourceTitle "EXT 2010"]
[Source "ChessBase"]
[SourceDate "2010.11.25"]
[SourceVersion "1"]
[SourceVersionDate "2010.11.25"]
[SourceQuality "1"]

1. d4 d5 2. Nf3 Nf6 3. c4 e6 4. Nc3 Nbd7 5. Bg5 c6 6. cxd5 exd5 7. e3 Qa5 8. Bd3 Ne4 9. Qc2 Nxg5 10. Nxg5 h6 11. Nf3 Bd6 12. 0-0 Nf6 13. a3 Qc7 14. Rfc1 a6 15. b4 Bg4 16. Ne5 Bxe5 17. dxe5 Qxe5 18. Re1 0-0 19. h3 Be6 20. Na4 Qg5 21. f4 Qg3 22. f5 Bd7 23. Nc5 Rab8 24. Re2 Rfe8 25. Rae1 Qc7 26. Rf1 Re5 27. Bxa6 b5 28. g4 Ne4 29. Nd3 Ree8 30. Rg2 Qb6 31. Nc5 Nxc5 32. Bxb5 Qxb5 33. bxc5 Qb3 34. Qxb3 Rxb3 35. Ra1 Rexe3 36. a4 Bc8 37. h4 Rec3 38. Re2 Kf8 0-1

[Event "CRO-ch U17 Girls"]
[Site "Bjelolasica"]
[Date "2009.07.29"]
[Round "5"]
[White "Lisac, Tihana"]
[Black "Mrakovcic, Karmen"]
[Result "1/2-1/2"]
[WhiteElo "1788"]
[BlackElo "1669"]
[PlyCount "92"]
[EventDate "2009.07.26"]
[EventType "swiss"]
[EventRounds "9"]
[EventCountry "CRO"]
[SourceTitle "EXT 2011"]
[Source "ChessBase"]
[SourceDate "2010.11.26"]
[SourceVersion "1"]
[SourceVersionDate "2010.11.26"]
[SourceQuality "1"]

1. e4 c5 2. Nf3 d6 3. d4 cxd4 4. Qxd4 Nc6 5. Bb5 Bd7 6. Bxc6 Bxc6 7. c4 Nf6 8. Nc3 g6 9. 0-0 Bg7 10. Qd3 0-0 11. Nd4 Qb6 12. Nde2 Nd7 13. Qc2 Qb4 14. b3 Bxe4 15. Qxe4 Bxc3 16. Nxc3 Qxc3 17. Be3 Qf6 18. Qxb7 Nc5 19. Qd5 Qe6 20. Qd4 f6 21. Rfe1 Qf7 22. Rad1 Rfd8 23. Qd2 Ne4 24. Qd3 f5 25. f3 Nf6 26. Bg5 Rd7 27. Qe3 Re8 28. Qe6 Qxe6 29. Rxe6 Kf7 30. Re2 Kg7 31. Red2 Rc7 32. Re1 Rc6 33. Rde2 Kf7 34. Re6 Ng8 35. f4 a5 36. Kf2 a4 37. h3 axb3 38. axb3 h6 39. Bh4 Rb6 40. R1e3 Rxb3 41. Rxe7+ Nxe7 42. Rxb3 Rg8 43. Rb7 g5 44. fxg5 hxg5 45. Bg3 f4 46. Bh2 Rc8 1/2-1/2

[Event "Busevec op U20 Girls"]
[Site "Busevec"]
[Date "2009.06.14"]
[Round "7"]
[White "Milutinovic, Stefana"]
[Black "Lisac, Tihana"]
[Result "1-0"]
[WhiteElo "1680"]
[BlackElo "1808"]
[PlyCount "75"]
[EventDate "2009.06.11"]
[EventType "swiss"]
[EventRounds "7"]
[EventCountry "CRO"]
[SourceTitle "CBM 130 Extra"]
[Source "ChessBase"]
[SourceDate "2009.07.02"]
[SourceVersion "2"]
[SourceVersionDate "2009.07.15"]
[SourceQuality "1"]

1. d4 d5 2. c4 e6 3. Nc3 Nf6 4. Bg5 Nbd7 5. cxd5 exd5 6. e3 c6 7. Nf3 Be7 8. Bd3 0-0 9. Qc2 Re8 10. 0-0 Nf8 11. h3 g6 12. Rab1 Ne6 13. Bh4 Ng7 14. b4 a6 15. a4 Nf5 16. Bxf6 Bxf6 17. Rfc1 Bg5 18. Nd1 Qf6 19. Qe2 Nd6 20. Ne5 Qe7 21. Nc3 Nf5 22. Re1 Bf6 23. Nf3 Bd7 24. b5 axb5 25. axb5 Qa3 26. Qd2 Nh4 27. Nxh4 Bxh4 28. bxc6 Bxc6 29. Bb5 Reb8 30. Bxc6 bxc6 31. Qc2 Qd6 32. Na4 Qf6 33. Nb6 Ra7 34. Nd7 Rxd7 35. Rxb8+ Kg7 36. Rb6 Rc7 37. Qe2 Qd6 38. Reb1 1-0

[Event "CRO-ch U17 Girls"]
[Site "Bjelolasica"]
[Date "2008.07.23"]
[Round "6"]
[White "Lisac, Tihana"]
[Black "Racki, Barbara"]
[Result "1-0"]
[WhiteElo "1773"]
[BlackElo "1683"]
[PlyCount "45"]
[EventDate "2008.07.20"]
[EventType "swiss"]
[EventRounds "9"]
[EventCountry "CRO"]
[SourceTitle "CBM 125 Extra"]
[Source "ChessBase"]
[SourceDate "2008.09.01"]
[SourceVersion "1"]
[SourceVersionDate "2008.09.01"]
[SourceQuality "1"]

1. e4 e5 2. Nf3 Nc6 3. d4 exd4 4. Nxd4 Bc5 5. Be3 Qf6 6. c3 Nge7 7. Bc4 Ne5 8. Be2 0-0 9. 0-0 Qg6 10. Nd2 d6 11. Bh5 Qf6 12. f4 N5c6 13. N2b3 Bb6 14. Kh1 g6 15. Be2 Qg7 16. Bc4 Rd8 17. f5 gxf5 18. exf5 Qf6 19. Qg4+ Kh8 20. Bg5 Qg7 21. Qh4 Qf8 22. Bf6+ Kg8 23. Qg5+ 1-0

[Event "CRO-ch U16 Girls"]
[Site "Sibenik"]
[Date "2008.06.26"]
[Round "6.1"]
[White "Purgar, Ivona"]
[Black "Lisac, Tihana"]
[Result "1-0"]
[WhiteElo "2065"]
[BlackElo "1764"]
[PlyCount "97"]
[EventDate "2008.06.23"]
[EventType "swiss"]
[EventRounds "9"]
[EventCountry "CRO"]
[SourceTitle "CBM 125 Extra"]
[Source "ChessBase"]
[SourceDate "2008.09.01"]
[SourceVersion "1"]
[SourceVersionDate "2008.09.01"]
[SourceQuality "1"]

1. e4 c5 2. Nf3 Nc6 3. d4 cxd4 4. Nxd4 Nf6 5. Nc3 e5 6. Ndb5 d6 7. Bg5 a6 8. Na3 b5 9. Nd5 Be7 10. Bxf6 Bxf6 11. c3 0-0 12. Nc2 Bg5 13. a4 bxa4 14. Rxa4 a5 15. Bc4 Bd7 16. Ra2 Rc8 17. h4 Bh6 18. b3 Nb8 19. Nce3 Bxe3 20. Nxe3 Be6 21. h5 Rc6 22. 0-0 Qe7 23. h6 g6 24. Qf3 Qd8 25. Rxa5 Qg5 26. Bxe6 fxe6 27. Qh3 Qe7 28. c4 Rb6 29. Nc2 Nc6 30. Ra4 Rfb8 31. Rb1 Nd8 32. b4 Qb7 33. Qf3 Qc7 34. Qd3 Rc8 35. b5 Nc6 36. Rba1 Nd8 37. Ne3 Nb7 38. Ra7 Qd8 39. Qe2 Rc7 40. Qg4 Qd7 41. Ra8+ Nd8 42. Qg5 Rc8 43. R1a7 Rb7 44. Rxc8 Qxc8 45. Rxb7 Nxb7 46. Qe7 Qf8 47. Qxb7 Qxh6 48. Qc8+ Kf7 49. b6 1-0

[Event "EU-ch U14 Girls 17th"]
[Site "Sibenik"]
[Date "2007.09.14"]
[Round "1"]
[White "Lisac, Tihana"]
[Black "Stetsko, Lanita"]
[Result "1/2-1/2"]
[WhiteElo "1769"]
[BlackElo "2029"]
[PlyCount "80"]
[EventDate "2007.09.14"]
[EventType "swiss"]
[EventRounds "9"]
[EventCountry "CRO"]
[SourceTitle "CBM 120 Extra"]
[Source "ChessBase"]
[SourceDate "2007.11.01"]
[SourceVersion "1"]
[SourceVersionDate "2007.11.01"]
[SourceQuality "1"]

1. e4 d6 2. d4 Nf6 3. Nc3 g6 4. Nf3 Bg7 5. Bd3 0-0 6. 0-0 Bg4 7. Be3 Nc6 8. Be2 Nd7 9. h3 Bxf3 10. Bxf3 e5 11. d5 Ne7 12. Qd2 f5 13. Bg5 a6 14. g3 Qe8 15. Bg2 Kh8 16. Rae1 Ng8 17. Be3 Ngf6 18. f4 fxe4 19. Nxe4 Nxe4 20. Bxe4 exf4 21. Bxf4 Ne5 22. b3 Qd7 23. Kh2 Rae8 24. c4 b6 25. Bc2 Rf7 26. Rf2 Ref8 27. Ref1 a5 28. Bxe5 Bxe5 29. Rxf7 Rxf7 30. Rxf7 Qxf7 31. Bd1 Kg7 32. Bg4 h5 33. Be6 Qf3 34. Qg2 Qe3 35. h4 a4 36. bxa4 Qc3 37. Qf2 Bf6 38. Qe2 Be5 39. Qf2 Bf6 40. Qe2 Be5 1/2-1/2

[Event "CRO-ch U15 16th"]
[Site "Sibenik"]
[Date "2007.08.30"]
[Round "7"]
[White "Lisac, Tihana"]
[Black "Starcevic, Andrea"]
[Result "1-0"]
[WhiteElo "1769"]
[BlackElo "1594"]
[PlyCount "91"]
[EventDate "2007.08.27"]
[EventType "swiss"]
[EventRounds "9"]
[EventCountry "CRO"]
[SourceTitle "CBM 120 Extra"]
[Source "ChessBase"]
[SourceDate "2007.11.01"]
[SourceVersion "1"]
[SourceVersionDate "2007.11.01"]
[SourceQuality "1"]

1. e4 c5 2. Nf3 e6 3. c3 d5 4. exd5 Qxd5 5. d4 Nf6 6. Be2 Be7 7. 0-0 0-0 8. Na3 a6 9. Nc4 Nbd7 10. Nfe5 cxd4 11. cxd4 Bd8 12. Bf3 Ne4 13. Ne3 Nxf2 14. Rxf2 Qa5 15. a4 Qb6 16. N3c4 Qc7 17. Bf4 Nxe5 18. Nxe5 Qe7 19. Rc1 Bb6 20. Nc4 Bc7 21. Bxc7 Qxc7 22. d5 exd5 23. Qxd5 Rb8 24. Qd6 Qxd6 25. Nxd6 Bd7 26. Bxb7 Bxa4 27. Bd5 Be8 28. Nxe8 Rbxe8 29. Rc7 Rd8 30. Rcxf7 Rxf7 31. Bxf7+ Kh8 32. Re2 Rd1+ 33. Kf2 g6 34. Bc4 a5 35. b3 Rd8 36. Ra2 Ra8 37. b4 a4 38. b5 Kg7 39. Ke3 Kf6 40. Kd4 Ke7 41. b6 Rb8 42. Kc5 Rc8+ 43. Kb5 Kd6 44. b7 Rb8 45. Kb6 Rf8 46. Rxa4 1-0

[Event "CRO-ch U15 16th"]
[Site "Sibenik"]
[Date "2007.08.28"]
[Round "4"]
[White "Lisac, Tihana"]
[Black "Grguric, Daria"]
[Result "1/2-1/2"]
[WhiteElo "1769"]
[BlackElo "1841"]
[PlyCount "60"]
[EventDate "2007.08.27"]
[EventType "swiss"]
[EventRounds "9"]
[EventCountry "CRO"]
[SourceTitle "CBM 120 Extra"]
[Source "ChessBase"]
[SourceDate "2007.11.01"]
[SourceVersion "1"]
[SourceVersionDate "2007.11.01"]
[SourceQuality "1"]

1. e4 e6 2. Nf3 d5 3. Nc3 Nf6 4. e5 Ne4 5. Ne2 Bc5 6. d4 Bb6 7. Ng3 Nxg3 8. hxg3 c5 9. dxc5 Bxc5 10. Bd3 Qb6 11. Qe2 h6 12. c3 a5 13. g4 Nc6 14. g5 h5 15. g6 Ne7 16. gxf7+ Kxf7 17. Ng5+ Ke8 18. Qf3 Rf8 19. Qxh5+ Kd7 20. f3 Be3 21. Kd1 Bxc1 22. Kxc1 Qe3+ 23. Kc2 Qf2+ 24. Kb1 Qxg2 25. a3 Qd2 26. Bb5+ Kc7 27. Ka2 Bd7 28. Bxd7 Kxd7 29. Qg4 Nf5 30. Rad1 Qc2 1/2-1/2